[Event "3rd GRENKE Chess Open 2018"]
[Site "Karlsruhe"]
[Date "2018.04.02"]
[Round "8"]
[White "Mikhalevski, Victor"]
[Black "Schmidek, Emil"]
[Result "1-0"]
[WhiteElo "2557"]
[BlackElo "2389"]
[Annotator "TA"]
[PlyCount "69"]
[EventDate "2018.??.??"]
[EventType "swiss"]
[EventCountry "GER"]
[SourceTitle "playchess.com"]
[Source "ChessBase"]
[SourceQuality "1"]

{[%evp 20,69,37,22,72,61,93,92,159,41,43,21,28,32,80,76,91,75,87,71,97,101,99,118,240,242,702,708,739,720,745,723,768,754,812,800,790,718,979,961,937,948,1012,992,29992,29993,29996,29997,29997,29998,29998,29999]} 1. Nf3 Nf6 2. c4 g6 3. Nc3 d5 4. cxd5 Nxd5 5. Qb3 Nb6 6. d4 Bg7 7. Bf4 {D90: Grünfeld: 4 Nf3 Bg7 sidelines} Be6 8. Qa3 Nc6 (8... c5 9. Qxc5 Nc6 10. e4 Nxd4 11. Nxd4 Bxd4 12. Bb5+ Kf8 13. Qa3 a6 14. Be2 Nd7 {1-0 (57) Banusz,T (2616)-Sutovsky,E (2689) Austria 2017}) 9. e3 O-O 10. Be2 a5 11. Qc5 {LiveBook: 20 Games} Nd7 12. Qg5 $1 Nb4 {And now ...Nc2+ would win.} 13. O-O h6 $146 (13... c6 $142) ({Predecessor:} 13... Nf6 14. Qh4 h5 {1-0 (74) Moskalenko,A (2490)-Drygalov,A (2318) St Petersburg 2016}) 14. Qg3 (14. Qh4 $1 $16) 14... c6 $14 15. Bc7 Qc8 16. e4 $36 {[%mdl 2048] White is more active.} Nf6 {...Nh5 is the strong threat.} 17. h3 $1 b5 {[#]} 18. Be5 $1 Rd8 19. Rfd1 Na6 20. d5 cxd5 21. exd5 (21. Bxb5 dxe4 22. Rxd8+ Qxd8 $11) 21... Bd7 {[#]} (21... Nxd5 $16 {was necessary.} 22. Bxg7 (22. Nxb5 Nf6 $16) (22. Bxb5 Nxc3 23. Rxd8+ Qxd8 $11) 22... Kxg7) 22. d6 $1 $18 {[%cal Rd6e7]} (22. Nxb5 Qb7 $16) 22... exd6 $2 (22... Re8 23. dxe7 (23. Nxb5 Nc5 $18) (23. Bxb5 Bxb5 24. Nxb5 Qb7 $16) 23... Rxe7) 23. Bxf6 Bxf6 24. Nd5 Kg7 25. Rac1 Qb7 26. Nxf6 Kxf6 27. Rxd6+ Kg7 28. Rcd1 Qc7 29. Qe5+ Kg8 30. Qf6 Nc5 31. Ne5 Rf8 {[#]} 32. Nxg6 $1 {[%mdl 512] White mates.} fxg6 33. Qxg6+ Kh8 34. Qxh6+ Kg8 35. Qg5+ {Precision: White = 65%, Black = 25%.} 1-0

[Event "3rd GRENKE Chess Open 2018"]
[Site "Karlsruhe"]
[Date "2018.04.02"]
[Round "8"]
[White "Santos Latasa, Jaime"]
[Black "Gordievsky, Dmitry"]
[Result "1/2-1/2"]
[WhiteElo "2549"]
[BlackElo "2630"]
[Annotator "TA"]
[PlyCount "68"]
[EventDate "2018.??.??"]
[EventType "swiss"]
[EventCountry "GER"]
[SourceTitle "playchess.com"]
[Source "ChessBase"]
[SourceQuality "1"]

{[%evp 20,68,39,39,44,43,43,25,35,33,30,38,34,27,29,19,22,11,17,28,43,36,44,37,106,112,105,104,87,34,40,33,35,35,36,36,36,37,36,38,34,20,20,20,20,20,20,12,7,0,28]} 1. d4 Nf6 2. c4 c6 3. Nf3 d5 4. e3 g6 5. Nc3 Bg7 6. Be2 O-O 7. O-O Bg4 8. cxd5 cxd5 9. Qb3 Bc8 {D94: Grünfeld: 4 Nf3 Bg7 5 e3} (9... b6 10. h3 Bc8 11. Bd2 Nc6 12. Rfc1 Bb7 13. a4 Rc8 14. a5 Ne4 15. axb6 axb6 16. Na4 e5 17. Qxb6 Rb8 18. Rxc6 Bxc6 19. Qxc6 exd4 20. exd4 Nxd2 21. Nxd2 Bxd4 {0-1 (31) Dreev,A (2660)-Artemiev,V (2663) Sochi 2016}) 10. Ne5 e6 11. Bd2 {LiveBook: 12 Games} Ne8 {White is slightly better.} 12. Rfc1 $146 ({Find the theoretical novelty and annotate with similar games:} 12. Rac1 f6 13. Nf3 Nd6 14. Nb5 Nc6 15. Nxd6 Qxd6 16. Bb5 Rf7 17. Bxc6 bxc6 {1-0 (46) Shishkin,V (2478)-Janocha,W (2333) Krakow 1999}) 12... f6 13. Nf3 Nd6 14. Nb5 Nc6 15. Nxd6 Qxd6 16. Bb5 {Black must now prevent Bxc6.} Rf7 17. Bxc6 bxc6 18. Bb4 $36 {[%mdl 2048] White has good play.} Qc7 19. Qa3 Qb6 20. Bc5 Qb5 21. Rc3 Rb7 ({Black should play} 21... Qa6 $14) 22. Rb3 $16 Qe2 23. Re1 Rxb3 {[#]} 24. Qxb3 ({Much weaker is} 24. Rxe2 $6 Rxa3 25. Bxa3 e5 $11) (24. Qa5 $1 $16 {[%cal Ra5d8] Threatening mate with Qd8+.} Qxe1+ 25. Nxe1) 24... Qb5 $14 25. Qc2 e5 26. dxe5 fxe5 27. Bd6 Bf5 28. Qc3 e4 29. Nd4 Qc4 30. Qxc4 dxc4 {The position is equal.} 31. Rc1 Bxd4 32. exd4 Rd8 33. Be5 Be6 34. Kf1 Rd7 {Precision: White = 67%, Black = 64%.} 1/2-1/2

[Event "3rd GRENKE Chess Open 2018"]
[Site "Karlsruhe"]
[Date "2018.04.02"]
[Round "8"]
[White "Danin, Alexandre"]
[Black "Engel, Luis"]
[Result "1/2-1/2"]
[WhiteElo "2540"]
[BlackElo "2406"]
[Annotator "TA"]
[PlyCount "81"]
[EventDate "2018.??.??"]
[EventType "swiss"]
[EventCountry "GER"]
[SourceTitle "playchess.com"]
[Source "ChessBase"]
[SourceQuality "1"]

{[%evp 22,81,-8,-31,12,14,30,26,30,43,81,58,78,88,93,105,97,97,95,95,97,102,98,97,100,92,97,84,101,113,96,104,104,104,116,46,48,47,53,25,25,7,8,0,0,0,0,0,0,0,0,0,0,0,0,0,0,0,0,0,0,0]} 1. e4 c5 2. Nf3 d6 3. d4 Nf6 4. Nc3 cxd4 5. Nxd4 a6 6. Bc4 e6 7. Bb3 Nbd7 8. f4 {[%cal Bf2f4,Bf4f5][%mdl 32]} Nc5 9. Qf3 Qc7 10. f5 {B86: Sicilian Scheveningen/Najdorf: 6 Bc4, without early ...b5} Be7 11. Be3 O-O 12. g4 {LiveBook: 8 Games} d5 13. exd5 {next g5 is good for White.} Nxb3 14. axb3 {[%cal Rd5e6]} Nxd5 15. Nxd5 Bh4+ $146 ({Find the theoretical novelty and annotate with similar games:} 15... exd5 16. O-O Re8 17. Rae1 Bd6 18. Bf4 {1-0 (55) Danin,A (2575)-Wisnet,D (2282) Wunsiedel 2015}) 16. Kd2 exd5 17. g5 $1 {Strongly threatening Qg4.} ({Much worse is} 17. Qxd5 Re8 $15) 17... Re8 18. Rag1 $1 {[%cal Rg1g4]} Re4 {[#]} 19. Rg4 $1 {[%cal Rg4e4]} Qe5 20. Rxe4 Qxe4 21. Rg1 {Qxe4 is the strong threat.} f6 22. g6 hxg6 {[%cal Rc8f5] [#] And now ...Bxf5 would win.} 23. Qxe4 $1 dxe4 24. Rxg6 Kf8 25. Ke2 a5 26. Rg4 g5 27. Rxe4 Kf7 28. Bf2 ({Better is} 28. Bd2 $16) 28... Bxf2 $14 29. Kxf2 {[%mdl 4096] Endgame KRB-KRN} a4 30. bxa4 Rxa4 31. h4 Ra5 {The position is equal.} 32. hxg5 fxg5 33. Kg3 (33. f6 {NOTEXT} Rd5 34. c3 Bd7 35. Re7+ Kxf6 36. Rh7) 33... Bxf5 34. Nxf5 (34. Re3 {NOTEXT} Bd7 35. Re2 Kf6 36. Rf2+ Bf5 37. c4) 34... Rxf5 $11 {KR-KR} 35. Kg4 Rc5 36. c3 Kf6 37. Rd4 b5 38. Rd6+ Ke5 39. Rd4 Kf6 {aiming for ...Rc4.} 40. Rd6+ Ke5 41. Rd4 {Precision: White = 67%, Black = 81%.} 1/2-1/2

[Event "3rd GRENKE Chess Open 2018"]
[Site "Karlsruhe"]
[Date "2018.04.02"]
[Round "8"]
[White "Kuljasevic, Davorin"]
[Black "Parvanyan, Ashot"]
[Result "1/2-1/2"]
[WhiteElo "2538"]
[BlackElo "2383"]
[Annotator "TA"]
[PlyCount "144"]
[EventDate "2018.??.??"]
[EventType "swiss"]
[EventCountry "GER"]
[SourceTitle "playchess.com"]
[Source "ChessBase"]
[SourceQuality "1"]

{[%evp 30,144,45,41,58,47,50,50,52,39,56,58,58,53,85,81,146,68,191,172,280,280,280,272,262,275,279,180,193,125,125,106,125,125,125,84,79,77,125,125,125,126,126,126,126,126,127,87,120,120,120,120,120,120,120,120,120,120,120,0,120,120,120,119,120,113,134,80,120,95,109,75,120,120,136,143,143,143,143,143,143,143,143,143,143,143,143,143,143,143,181,143,143,137,137,137,137,136,136,136,136,136,153,145,173,143,181,181,181,129,181,146,181,150,181,181,181]} 1. d4 Nf6 2. c4 g6 3. Nf3 Bg7 4. g3 O-O 5. Bg2 d6 6. Nc3 c5 7. O-O Nc6 8. d5 Na5 9. Nd2 a6 10. Rb1 Rb8 11. Qc2 b5 12. b3 h5 13. Bb2 {E66: King's Indian: Fianchetto: 6...c5 7 0-0 Nc6 8 d5} Bf5 14. e4 Bd7 15. Ne2 e5 16. h3 {LiveBook: 9 Games} Nh7 17. f4 Re8 $146 ({Predecessor:} 17... bxc4 18. bxc4 Rxb2 19. Rxb2 exf4 20. gxf4 Qc8 21. Kh2 Bxb2 22. Qxb2 Qc7 23. Rb1 Rd8 24. f5 Bc8 25. Nf4 Nf8 26. Qf6 Re8 27. Nxh5 gxh5 28. Qg5+ {1-0 (28) Rychagov,A (2562)-Rozum,I (2472) Dagomys 2010}) 18. Bc3 Nb7 19. Kh2 b4 20. Bb2 a5 21. a4 Qe7 22. Rbe1 Rf8 (22... h4 $142) 23. Nc1 (23. Nf3 $16) 23... Nd8 ({Black should play} 23... h4 $1 $14) 24. Nd3 Be8 (24... f6 $142 25. Qd1 Be8) 25. Nf3 $1 $18 {[%cal Bd2f3,Bf3h4,Bh4f5][%mdl 32]} f6 26. Nh4 $1 g5 27. Nf5 Qd7 28. fxe5 fxe5 {[#]} 29. Rf2 (29. Bf3 $1 $18) 29... Bg6 $16 30. Ref1 Nf7 {[#]} 31. Qe2 $1 Rbe8 32. Bc1 Nh6 {[%cal Rg6f5]} 33. g4 h4 34. Be3 Rc8 35. Kh1 Nf7 36. Qd2 Qd8 37. Ne1 Bf6 38. Bf3 {[%cal Bg2f3,Bf3e2,Be2d3,Bd3c2][%mdl 32]} Kh8 39. Be2 Kg8 40. Bd3 Kh8 41. Qe2 Kg8 42. Kg1 Kh8 43. Rg2 Kg8 44. Rgf2 Kh8 $1 45. Bc2 Kg8 46. Nd3 Kh8 47. Rg2 Kg8 48. Rf3 ({Better is} 48. Ne1) 48... Kh8 49. Kf1 {[%cal Bg1f1,Bf1e1,Be1d1,Bd1c1,Bc1b1][%mdl 32]} Kg8 50. Ke1 Kh8 51. Kd1 Kg8 52. Kc1 Kh8 53. Qf2 Be7 54. Rg1 Kg8 55. Kb1 Kh8 56. Rf1 Kg8 57. Bc1 Kh8 58. Ne1 Kg8 59. Ng2 Kh8 60. Be3 Kg8 61. Qe1 Bf6 62. Bf2 Kh8 63. Qe2 Kg8 64. Be1 Be7 65. R1f2 Kh8 66. Qf1 Kg8 67. Bd2 Kh8 68. Nxe7 Qxe7 69. Ne3 (69. Qc1 $18) 69... Kg8 (69... Nh6 $16 {keeps fighting.} 70. Nf5 Bxf5) 70. Nf5 {White is clearly better.} Qd8 71. Be3 Qd7 72. Qc1 Qd8 {Precision: White = 58%, Black = 53%.} 1/2-1/2

[Event "3rd GRENKE Chess Open 2018"]
[Site "Karlsruhe"]
[Date "2018.04.02"]
[Round "8"]
[White "Kollars, Dmitrij"]
[Black "Ondersteijn, Niels"]
[Result "1-0"]
[WhiteElo "2534"]
[BlackElo "2376"]
[Annotator "TA"]
[PlyCount "93"]
[EventDate "2018.??.??"]
[EventType "swiss"]
[EventCountry "GER"]
[SourceTitle "playchess.com"]
[Source "ChessBase"]
[SourceQuality "1"]

{[%evp 28,93,100,58,60,46,81,37,37,39,37,34,37,33,35,36,45,47,51,5,1,0,0,0,192,191,187,185,196,177,177,191,184,166,166,164,176,176,172,171,193,194,195,193,216,204,244,252,244,239,299,277,342,331,471,457,495,507,515,476,499,494,679,679,897,883,2426,2223]} 1. e4 e5 2. Nf3 d6 3. d4 exd4 4. Nxd4 g6 5. Nc3 Bg7 6. Be3 Nf6 7. Qd2 O-O 8. O-O-O Nc6 9. f3 Nxd4 10. Bxd4 Be6 11. Kb1 c5 {C41: Philidor Defence} (11... Re8 12. g4 c5 13. Bf2 Qa5 14. Nd5 Qa4 15. Nc3 Qa5 16. Nd5 Qa4 17. Nc3 {½-½ (17) Vachier Lagrave,M (2711)-Vorotnikov,V (2464) Basel 2013}) 12. Be3 Qa5 13. Nd5 Qa4 14. Nc3 Qa5 15. h4 {LiveBook: 5 Games} Rfd8 16. Bg5 $146 ({Predecessor:} 16. Bh6 d5 17. Bxg7 Kxg7 18. e5 Nh5 19. Ne2 Qxd2 20. Rxd2 f5 21. exf6+ Nxf6 {0-1 (56) Konguvel,P (2319)-Panchanathan,M (2564) Ranshofen 2012}) 16... Rd7 17. Bxf6 Bxf6 18. Nd5 Qxd2 {[%cal Rd2d1] [#]} 19. Nxf6+ Kg7 {[%cal Rd2d1]} 20. Nh5+ gxh5 {[%cal Rd2d1]} 21. Rxd2 d5 22. Bb5 Rd6 23. f4 {[%cal Bf3f4,Bf4f5][%mdl 32]} d4 24. f5 $36 {[%mdl 2048] White is more active.} Bd7 $1 {[%cal Rd7b5]} 25. e5 {[%cal Be4e5,Be5d6][%mdl 32]} Bxb5 $2 (25... Rd5 $11 {and Black has nothing to worry.} 26. f6+ Kh6 27. Bxd7 Rxd7) 26. exd6 $11 {[%mdl 4096] Endgame KRR-KRB} Rd8 27. f6+ Kxf6 28. Rf2+ Kg6 29. Re1 Rxd6 30. Re5 d3 {[#] aiming for ...d2.} 31. Kc1 dxc2 32. Rxc5 Bc6 {intending ...Be4.} 33. Rfxc2 f5 34. g3 Rf6 35. Rd2 Be4 36. Rd4 Re6 37. Rc8 Bc6 38. Rf8 Be4 39. Rfd8 f4 40. gxf4 Kf5 (40... Bc6 {was necessary.} 41. Rg8+ Kf6) 41. Rf8+ $18 {White is clearly winning.} Kg4 42. f5 {[%cal Bf4f5,Bf5f6,Bf6f7][%mdl 32]} Rc6+ 43. Kd1 Kf3 44. f6 Bg6 45. Rd7 Ke3 46. f7 Be4 47. Re8 {Precision: White = 76%, Black = 53%.} 1-0

[Event "3rd GRENKE Chess Open 2018"]
[Site "Karlsruhe"]
[Date "2018.04.02"]
[Round "8"]
[White "Burmakin, Vladimir"]
[Black "Martin, Julian"]
[Result "1/2-1/2"]
[WhiteElo "2522"]
[BlackElo "2412"]
[Annotator "TA"]
[PlyCount "76"]
[EventDate "2018.??.??"]
[EventType "swiss"]
[EventCountry "GER"]
[SourceTitle "playchess.com"]
[Source "ChessBase"]
[SourceQuality "1"]

{[%evp 22,76,22,-12,-14,-24,0,0,0,0,0,-33,-35,-33,0,-8,-6,0,4,6,20,8,30,36,32,14,11,20,18,8,5,5,16,10,13,6,8,7,10,18,18,8,6,0,22,0,0,0,0,0,0,0,0,0,0,0,0]} 1. Nf3 Nf6 2. c4 e6 3. g3 d5 4. Bg2 dxc4 5. Qa4+ c6 6. Qxc4 b5 7. Qc2 Bb7 8. a4 {A13: English Opening: 1...e6} a6 9. O-O Nbd7 10. d3 Be7 11. Nc3 Rc8 (11... O-O 12. e4 h6 13. h3 Rc8 14. Rd1 Qb6 15. Be3 c5 16. axb5 axb5 {½-½ (28) Sargissian,G (2677)-Xu,Y (2538) Moscow 2018}) 12. Nd2 {LiveBook: 3 Games} Qb6 13. Nde4 $146 ({Predecessor:} 13. Nb3 c5 14. Bxb7 Qxb7 15. axb5 axb5 16. Na5 {1-0 (73) Baramidze,D (2554)-Van Ketel,R (2285) Deizisau 2011}) 13... Nxe4 14. Nxe4 c5 15. Be3 f5 16. Nc3 Bxg2 17. Kxg2 O-O 18. axb5 axb5 19. Qb3 b4 20. Nb1 Ra8 21. Nd2 Kf7 22. f3 Qc6 23. Bf2 Rxa1 {The position is equal.} 24. Rxa1 Ra8 25. Rxa8 Qxa8 26. e4 fxe4 27. dxe4 g5 28. Nc4 Qb8 29. f4 {White wants to play f5.} gxf4 30. Qf3 Nf6 31. gxf4 Qa8 32. e5 Nd5 33. Kh3 Qa1 {[#] ...Qf1+ is the strong threat.} 34. Nd6+ ({Much weaker is} 34. Qh5+ Kf8 $17) 34... Bxd6 $1 35. Qh5+ Kg7 36. Qg5+ Kf7 37. Qh5+ $1 Kg7 38. Qg5+ Kf7 {Precision: White = 62%, Black = 62%.} 1/2-1/2

[Event "3rd GRENKE Chess Open 2018"]
[Site "Karlsruhe"]
[Date "2018.04.02"]
[Round "8"]
[White "Schlosser, Philipp"]
[Black "Baenziger, Fabian"]
[Result "0-1"]
[WhiteElo "2510"]
[BlackElo "2365"]
[Annotator "TA"]
[PlyCount "66"]
[EventDate "2018.??.??"]
[EventType "swiss"]
[EventCountry "GER"]
[SourceTitle "playchess.com"]
[Source "ChessBase"]
[SourceQuality "1"]

{[%evp 25,66,48,56,9,30,0,7,0,16,0,0,0,30,31,49,47,35,45,90,106,88,76,152,135,121,19,19,26,27,39,45,0,0,0,0,0,0,0,0,-186,-185,-358,-366]} 1. c4 Nf6 2. Nc3 d6 3. d4 g6 4. e4 Bg7 5. Nf3 O-O 6. h3 e5 7. d5 a5 8. Be3 Na6 9. g4 {[%cal Bg2g4,Bg4g5][%mdl 32]} Nc5 10. Nd2 c6 11. Be2 Bd7 12. g5 {E92: King's Indian: Classical: 6 Be2 e5: 7 dxe5, 7 Be3 and Petrosian System without 7...Nbd7} (12. h4 cxd5 13. cxd5 Rc8 14. g5 Nh5 15. Bxc5 Rxc5 16. Bxh5 gxh5 17. Qxh5 b5 18. a4 bxa4 19. Qd1 Qc7 20. Nxa4 {0-1 (45) Grischuk,A (2751)-Naiditsch,A (2686) Novi Sad 2016}) 12... Ne8 13. h4 cxd5 {LiveBook: 8 Games} 14. exd5 {White is slightly better.} f5 15. gxf6 Nxf6 16. h5 Bf5 $146 ({Predecessor:} 16... gxh5 17. Bxc5 dxc5 18. Qc2 e4 19. Ndxe4 Nxe4 20. Nxe4 {1-0 (53) Peralta,F (2574)-Konguvel,P (2417) Sitges 2016}) 17. hxg6 Bxg6 18. Rg1 Qd7 19. Nf3 {Threatens to win with Nxe5!} Ng4 20. Bxc5 $1 dxc5 21. d6 $1 {[%cal Bd5d6,Bd6d7][%mdl 32]} Rae8 22. Qd5+ $1 Kh8 {White must now prevent ...e4.} 23. Qxc5 Nxf2 (23... Bc2 $142) 24. Rxg6 $1 $16 (24. Kxf2 e4 $15) 24... e4 25. Rxg7 (25. Nh4 $16) 25... Qxg7 $11 26. d7 $1 {[%cal Rd7e8]} ({But not} 26. Kxf2 $2 exf3 27. Rg1 fxe2+ 28. Ke1 Re5 $19) (26. Ng5 $2 Nd3+ 27. Bxd3 exd3+ 28. Kd2 Re5 $19) 26... Rd8 {[%cal Be8d8,Bd8d7,Bd7e7][%mdl 32]} 27. Qxf2 exf3 28. Bxf3 {0-0-0 is the strong threat.} Rxd7 {aiming for ...Qe5+.} 29. Rd1 $1 {[%cal Rd1d7] And now Rxd7 would win.} Re7+ 30. Kf1 Ref7 31. Rd3 Qe5 32. b3 $2 {[#]} (32. Nd5 $11 {and White stays safe.}) 32... Rf6 $1 $19 {[%mdl 1024] Black has strong compensation.} 33. Ne2 $2 {[#]} (33. Qg2 {was called for.}) 33... Qf5 $1 {Precision: White = 48%, Black = 70%.} ({Weaker is} 33... Qa1+ 34. Kg2 $11) 0-1

[Event "3rd GRENKE Chess Open 2018"]
[Site "Karlsruhe"]
[Date "2018.04.02"]
[Round "8"]
[White "Kanarek, Marcel"]
[Black "Hilverda, Alexander"]
[Result "1-0"]
[WhiteElo "2506"]
[BlackElo "2368"]
[Annotator "TA"]
[PlyCount "145"]
[EventDate "2018.??.??"]
[EventType "swiss"]
[EventCountry "GER"]
[SourceTitle "playchess.com"]
[Source "ChessBase"]
[SourceQuality "1"]

{[%evp 35,145,18,45,16,21,0,0,-27,0,0,0,0,0,0,0,0,0,0,0,0,0,0,19,28,27,32,19,0,0,0,0,-14,0,-12,-12,-13,-12,-43,-10,-24,0,0,0,-10,0,-95,0,0,0,0,0,0,27,26,88,90,104,54,75,37,51,51,52,35,33,32,39,6,43,55,249,226,164,70,69,0,44,43,44,48,45,45,50,8,56,56,62,8,44,8,37,37,38,8,143,143,1226,1121,1145,882,29974,29975,29976,29974,29972,29974,29979,29979,29979,29980,29947,6123]} 1. e4 e5 2. Nf3 Nc6 3. Bb5 {[%cal Bf1b5,Bb5a4,Ba4b3][%mdl 32]} a6 4. Ba4 Nf6 5. O-O Be7 6. Re1 b5 7. Bb3 d6 8. c3 O-O 9. h3 Nb8 10. d4 Nbd7 11. Nbd2 Bb7 12. Bc2 Re8 13. Nf1 Bf8 14. Ng3 g6 15. Bg5 h6 16. Bd2 exd4 {C95: Closed Ruy Lopez: Breyer Variation with 10 d4} 17. cxd4 c5 18. d5 Bg7 {LiveBook: 4 Games. The position is equal.} 19. b3 (19. Bf4 Nb6 20. Qc1 Kh7 21. Rb1 Rc8 22. a3 a5 23. b3 Ba6 24. Qd2 {0-1 (69) Swiercz,D (2637)-Amin,B (2672) Martuni 2017}) 19... a5 $146 ({Find the theoretical novelty and annotate with similar games:} 19... Nh7 20. Rc1 h5 21. Bd3 Rc8 22. Bf4 Nb6 23. h4 Nf6 {0-1 (107) Ratkovich,I (2249)-Grib,R (2415) Minsk 2017}) 20. a4 b4 21. Bf4 Nxd5 22. exd5 Rxe1+ 23. Qxe1 (23. Nxe1 $2 {too greedy.} Qf6 $19) 23... Qf6 24. Rd1 {aiming for Qd2.} Qxf4 25. Qe7 Bc8 26. Qe8+ Nf8 {With the idea ...Bf5.} 27. Ne4 Bb7 28. Qe7 Ba6 29. Nxd6 Be2 30. Qxe2 Qxd6 31. Bd3 Ra7 32. Bb5 Re7 33. Qd3 Bc3 34. Bc6 Kg7 35. g3 Nh7 36. Rc1 Nf6 37. Kg2 Rc7 38. Qc4 Kh7 39. Ng1 Nd7 {And now ...Ne5 would win.} 40. Ne2 (40. Qf4 $11 Ne5 41. Nf3) 40... Nb6 ({Black should try} 40... Ne5 $17 41. Qb5 Rxc6 42. dxc6 Qd5+ 43. Kg1 Nf3+ 44. Kf1 Nd2+ 45. Kg1 Nf3+ 46. Kf1 Nd2+ 47. Kg1 Nf3+) 41. Qf4 $11 Be5 $1 {[%cal Re5f4]} 42. Qe3 (42. Qe4 {NOTEXT} Rc8 43. Qe3 Nxd5 44. Qxc5 Ne7 45. Qxd6 Bxd6 46. Bb5) 42... Nxd5 43. Qxc5 Qxc5 44. Rxc5 Nc3 (44... Ne7 $11 {keeps the balance.} 45. Rxe5 Nxc6) 45. Rxa5 $16 Bxg3 46. Nd4 Bh4 {...Bf6 is the strong threat.} 47. Ra6 Bf6 48. Nb5 Re7 49. Bf3 Kg7 50. Nd6 Bd4 51. a5 {[%cal Ba4a5,Ba5a6][%mdl 32]} Re6 {White must now prevent ...Bc5.} 52. Rc6 Be5 $2 (52... Re5 $14) 53. a6 $1 $18 {[%cal Ra6a7]} Bd4 54. Nc8 (54. Bg4 $18 Re5 55. Rc7) 54... Nb5 $14 55. Bd5 (55. Rxe6 $14 fxe6 56. Kf1) 55... Rxc6 (55... Re2 {NOTEXT} 56. Nd6 Rxf2+ 57. Kg3 Nc3 58. Bc4 h5) 56. Bxc6 Na7 57. Nxa7 Bxa7 {[%mdl 4096] Endgame KB-KB} 58. Kf3 Kf6 59. Ke4 Ke6 60. Bd5+ Ke7 61. Kd3 ({White should play} 61. f3 $14) 61... f5 62. Kc4 Kd6 63. Bf7 g5 64. Bg6 g4 (64... Bxf2 $11 65. Bxf5 Kc6) 65. Bxf5 $16 gxh3 $2 {[%mdl 8192]} (65... Kc7 $16) 66. f4 $1 $18 {[%cal Bf2f4,Bf4f5][%mdl 32]} h2 67. Be4 Kc7 68. f5 {White mates.} Kd6 69. Kxb4 Ke5 70. Bh1 Kxf5 {[#]} 71. Kb5 $1 Ke5 {[#]} 72. Kc6 $1 Kd4 73. Kb7 {Precision: White = 49%, Black = 30%.} 1-0

[Event "3rd GRENKE Chess Open 2018"]
[Site "Karlsruhe"]
[Date "2018.04.02"]
[Round "8"]
[White "Lobron, Eric"]
[Black "Vijayalakshmi, Subbaraman"]
[Result "1-0"]
[WhiteElo "2503"]
[BlackElo "2345"]
[Annotator "TA"]
[PlyCount "67"]
[EventDate "2018.??.??"]
[EventType "swiss"]
[EventCountry "GER"]
[SourceTitle "playchess.com"]
[Source "ChessBase"]
[SourceQuality "1"]

{[%evp 14,67,68,71,123,102,116,124,128,114,132,104,106,100,176,186,252,240,242,242,235,215,370,377,442,438,427,424,424,416,462,471,458,453,536,541,535,531,518,505,560,559,547,545,581,574,591,591,786,757,712,697,918,916,864,854]} 1. c4 g6 2. Nc3 Bg7 3. d4 d6 4. Nf3 Nc6 5. d5 Ne5 6. Nxe5 Bxe5 7. e4 c5 {A41: 1 d4 d6: Tartakower System and Modern Defence} (7... Nf6 8. f3 c6 9. Bh6 e6 10. Qd2 Qb6 11. Na4 Qc7 12. Rc1 Bd7 13. Bd3 Qd8 14. Nc3 Nh5 15. g3 exd5 16. cxd5 {0-1 (32) Kozul,Z (2613)-Onischuk,V (2601) Doha 2016}) 8. Bd3 {LiveBook: 8 Games} Nf6 ({Better is} 8... e6) 9. f4 $146 ({Predecessor:} 9. h3 Bd7 10. Ne2 Nh5 11. g4 Ng7 12. f4 Bd4 13. Nxd4 cxd4 14. O-O {1-0 (73) Draxler,G-Neugebauer,J Bad Laasphe 1994}) 9... Bd4 {White is better.} 10. Nb5 e5 11. Nxd4 exd4 12. O-O O-O 13. e5 {[%cal Be4e5,Be5e6][%mdl 32]} Ng4 {[#]} (13... Ne8 $16) 14. e6 $1 $18 Qh4 (14... f5 {was called for.} 15. Qe2 Qe7) 15. h3 Ne3 16. Bxe3 $1 dxe3 17. f5 gxf5 $2 {[#]} (17... b5) 18. Rxf5 Bxe6 19. dxe6 fxe6 20. Qh5 Qxh5 21. Rxh5 b5 22. b3 {White is clearly winning.} bxc4 23. bxc4 d5 24. cxd5 exd5 25. Rxd5 Rad8 26. Bc4 Rxd5 27. Bxd5+ {[%mdl 4096] Endgame KRB-KR} Kg7 28. Rc1 Rf5 29. Bf3 Kf6 30. Kf1 h5 31. Ke2 Re5 32. Rc3 h4 33. Rc4 Kg5 34. Rg4+ {Precision: White = 98%, Black = 33%.} 1-0